000 02120cam a2200337 a 4500
001 12420512
003 Ke-BoTe
005 20220105103802.0
008 010525s2001 ilu b 001 0 eng
010 _a 2001003116
020 _a1561798916
040 _aDLC
_cDLC
_dDLC
050 0 0 _aBV4529
_b.P35 2001
082 0 0 _a248.8/45
_221
245 0 0 _aParents' guide to the spiritual mentoring of teens /
_cgeneral editors, Joe White, Jim Weidmann.
246 3 0 _aSpiritual mentoring of teens
260 _aWheaton Ill. :
_bTyndale House Publishers,
_cc2001.
300 _a584 p. ;
_c24 cm.
440 0 _aHeritage builders
_91100
500 _a"Focus on the Family."
504 _aIncludes bibliographical references (p. 569-580) and index.
505 0 _aWhy you need this book -- You can do it! -- Never quit on a child -- The goal of spiritual training -- The role of a mentor -- The relationship is everything! -- Becoming your teen's biggest fan -- Learning to be a great communicator -- Finding time for your teen -- Appreciating your teen's uniqueness -- Giving grace -- Demonstrating commitment in your marriage -- Overcoming conflicts -- Making a timeless investment -- Creating an "eager learner" attitude -- Helping your teen dream productive dreams -- Ensuring your child is a Christian -- Guiding your teen toward faith-affirming friendships -- Instilling a Christian worldview -- Teaching your teen media discernment -- Learning to let go -- Finding time to train your teen -- Moving your child from selfish to selfless -- Prescription for disciple making -- Anticipating success -- Marking milestone moments -- Measuring success -- The parent's cap and gown.
650 0 _aParenting
_xReligious aspects
_xChristianity.
_939
650 0 _aParent and teenager
_xReligious aspects
_xChristianity.
_91727
650 0 _aChristian teenagers
_xReligious life.
_91728
700 1 _aWhite, Joe,
_d1948-
_91729
700 1 _aWeidmann, Jim.
_91730
906 _a7
_bcbc
_corignew
_d1
_eecip
_f20
_gy-gencatlg
942 _2lcc
_cBK
_n0
999 _c891
_d891